000
00297nam a22001457a 4500
003
SGT
082
_a
651.3,BRE
100
_a
BREALLY,R.A
245
_a
PRINCIPLES OF CORPORATE FINANCE
250
_a
7TH
260
_a
NEW DELHI
_b
TMH
_c
2003
300
_a
1071
650
_a
FINANCE
942
_2
ddc
_c
BK
999
_c
9667
_d
9667